000 00539nam a2200193Ia 4500
005 20250923144624.0
008 008 250917s9999 xx 000 0 eng d
037 _aTextual
040 _aDSWL
_beng
_cDSWL
041 _aeng
_2eng
084 _aX:8z7, J8
_qDSWL
245 0 _aHuman relations and modern management
_cHugh-Jones E.M. Ed.
260 _a Holland
_bAmsterdam Holland Publishing Co.
_c1958
300 _ax,256p.
365 _aINR
_b40
925 _g40
942 _cTEXL
_hX:8z7, J8
999 _c1441280
_d1441280